Conjuntos y lógica 2 /

Guardado en:
Autor Principal: Bailey, C.a.r.
Otros Autores: Sánchez Guillén, Joaquín, trad.
Formato: Libro
Publicado: Barcelona : Vicens Vives
Series:Colección Principios de matemática moderna para la enseñanza
Materias:
Etiquetas: Agregar Etiqueta
Sin Etiquetas, Sea el primero en etiquetar este registro!
LEADER 00796nam a22002175a 4500
001 CEM.cems012712
005 20070925182755.0
008 130507b######################000#0#####d
003 CEMS
082 0 4 |a 510 
100 1 |a Bailey, C.a.r. 
245 1 0 |a Conjuntos y lógica 2 /  |c C. A. R. Bailey ; traducido Por Joaquín Sánchez Guillén 
260 |a Barcelona :  |b Vicens Vives 
300 |a 103 p. 
490 0 |a Colección Principios de matemática moderna para la enseñanza 
505 0 |a Algebra de interruptores -- Diseño de circuitos -- Espacios de muestras, sucesos y probabilidades -- Relaciones -- Lógica 
653 |a Matemática 
653 |a Conjuntos 
653 |a Lógica 
700 1 |a Sánchez Guillén, Joaquín, trad. 
859 |a CEMS  |b BIB. CEMS - 11 de abril  |h 510  |i B151  |p 23984.07  |t Ej.1  |v 2  |3 2